000
00212 a2200085 4500
020
_a
9780500297698
100
_a
NIKOLAUS PEVSNER
245
_a
THE SOURCES OF MODERN ARCHITECTURE AND DESIGN
260
_b
THAMES & HUDSON
999
_c
13052
_d
13052